000
00244nam a2200109Ia 4500
008
190911s9999||||xx |||||||||||||| ||und||
100
_a
Edward Angel
245
0
_a
Computer Graphics
260
_a
USA
_b
Pearson
_c
1990
300
_a
477
942
_c
BK
999
_c
6962
_d
6962